000 00502nam a2200181Ia 4500
001 16904
005 20260306170345.0
008 260306t2002||||xx |||||||||||||| ||und||
041 _aESP
082 _a657.3
_bF81 2002
100 _aFranco Concha, Pedro
_eAUT
245 0 _aEvaluación de estados financieros:
_bajustes por efecto de la inflación y análisis financiero
260 _c2002
300 _aii, 177 páginas :
_c20 cm.
650 _aGEN
654 _aCCO
942 _cLIB
_dJUS
_fJUS
_2ddc
_n
999 _c16904
_d16904